| 000 | 01577nam a2200421 c 4500 | ||
|---|---|---|---|
| 001 | 14015 | ||
| 003 | ES-MaCES | ||
| 005 | 20150929123836.0 | ||
| 008 | 020905s2001 sp d t o000 | spa d | ||
| 017 |
_aM 53947-2001 _bDL |
||
| 020 | _a8449104963 | ||
| 024 | 7 |
_a251-01-066-4 _2nipo |
|
| 035 | _aCES20020011125m | ||
| 040 |
_aES-MaCES _bspa _cES-MaCES |
||
| 100 | 1 |
_aSayadi, Samir _923624 |
|
| 245 | 1 | 0 |
_aAnálisis funcional de los sistemas agrarios para el desarrollo rural sostenible _b: las funciones productiva, recreativa y estética de la agricultura en la Alta Alpujarra _cSamir Sayadi, Javier Calatrava |
| 260 |
_aMadrid _bMinisterio de Agricultura, Pesca y Alimentación, Centro de Publicaciones _c[2001] |
||
| 300 |
_a325 p. _bgráf. _c20 cm |
||
| 490 | 1 |
_aEstudios _v148 |
|
| 504 | _aBibliografía: p. 299-325 | ||
| 541 | _cGratuito | ||
| 650 | 4 |
_aagricultura _927489 |
|
| 650 | 4 |
_aestructura agraria _927500 |
|
| 650 | 4 |
_adesarrollo agrícola _927491 |
|
| 650 | 4 |
_adesarrollo rural _928607 |
|
| 650 | 4 |
_adesarrollo sostenible _930785 |
|
| 650 | 4 |
_apromoción turística _930222 |
|
| 650 | 4 |
_aLas Alpujarras _931685 |
|
| 650 | 4 |
_ahistoria _927251 |
|
| 653 | 1 | 0 | _aAgricultura-Ganadería |
| 650 | 4 |
_927890 _aturismo |
|
| 700 | 1 |
_aCalatrava Requena, Javier _98687 |
|
| 710 | 1 |
_aEspaña _bMinisterio de Agricultura, Pesca y Alimentación _eed. _93225 |
|
| 830 | 1 |
_aEstudios (España. Ministerio de Agricultura, Pesca y Alimentación) _v148 _932104 |
|
| 902 | _aLIB Libro | ||
| 942 |
_2CES _cBK _h5.0. |
||
| 999 |
_c14015 _d14015 |
||